01449cam a22003254i 4500003000900000005001700009008004100026035001900067040003300086082001700119100004600136245006000182264004000242336002100282337002500303338002300328505067000351526000901021526000901030526000901039526000901048526000901057526000901066526000801075526000801083526000801091526000801099526000801107526000801115PE-LiUPU20250731184545.0150625s r 000 0 d a(Sirsi) a31054 aPE-LiUPUbspacPE-LiUPUerda04a909bIb12211 aIbarra y Rodriguez, Eduardo, dr.,eautor.10aHistoria del mundo en la edad moderna; Napoleón .n8. 1aBarcelona :bRamón Sopena,c1957. atext2rdacontent aunmediated2rdamedia avolume2rdacarrier0 aEl consulado. - La neutralidad armada. - La participación de Europa. - Francia y sus tributarios. - Francia bajo el imperio. - Los códigos. - Los concordatos. - El dominio del mar. - La tercera coalición I, II. - Apogeo del imperio Napoleónico. - La guerra de 1809. - El bloqueo continental. - Los estados dependientes de Francia y suiza. - Guerra de la independencia en la península Ibérica. - rusia durante el reinado de Alejandro I y la invasiónde 1812. - Guerra de liberación. - La primera restauración. - El congreso de viena. - Los cien días. - El congreswo de Viena. - La gran Bretaña e Irlanda. - El imperio Británico. - Santa Elena. aP136 aP135 aP134 aP133 aP144 aP143 aP87 aP35 aP20 aP14 aP10 aP06